000 00484nam a2200157 i 4500
001 99563
003 ES-MaACL
005 20230906182522.0
007 t|
008 050913s1967 sp ||||1| spa d
100 1 _aMartínez Calvo, Inocencio.
_977914
245 1 0 _aUna comunidad de mártires
_b: (Hermanos Maristas) /
_cInocencio Martínez Calvo, F. M. S.
260 _aZaragoza :
_bLuis Vives,
_c1967.
300 _a231 p. :
_bil. ;
_c24 cm.
852 _aES-MaACL
_jC-32262
_bR.62875
999 _c99563
_d99563